000 00642nam a2200253 a 4500
001 nice12345678
003 IN_TiNIC
005 20260116014802.0
008 100120s2010 jaia grp 000 0 eng
020 _a9788183762298
_c750
082 0 0 _a306.089915
_bPRA
100 _aPrasad, Suraj Nandan
245 _aLife and Works of Ambedkar
260 _aJaipur
_bABD Pub
_c2010
300 _a296p
500 _aincludes index and biblioraphy
505 2 _aBibliography, Index
650 _aAmbedkar
650 _aAmbedkar, B.R.-Philosophy
700 1 _aPrasad, Suraj Nandan
902 _bSRS
942 _cBK
999 _c16955
_d16955